000 00729nam a22001817a 4500
999 _c14999
_d14999
003 OSt
082 _2631.56 CHI/DE
088 _aT 177
100 _aCHITHRA G
_93394
245 _aDevelopment of a powered - decorticator for producing white pepper from black pepper
260 _aTavanur 2007
_bDepartment of Post-Harvest Technology and Agricultural Processing
300 _a102
500 _aDevelopment of a powered - decorticator for producing white pepper from black pepper
520 _aDevelopment of a powered - decorticator for producing white pepper from black pepper
700 _aDr. Santhi Mary Mathew (Guide)
_93359
856 _uhttps://drive.google.com/open?id=1uhc1tB9GEc4l4PsiI0JnTh2j5ToRo_Vh
942 _cTH